premi serie a - Statistics

Statistiche generali
  • Questo quiz è stato fatto 979 volte
  • Il punteggio medio è 14 su 30
Statistiche sulle risposte
premio ANNO GIOCAORE % Corretto
MIGLIOR PORTIERE 21/22 MAIGNAN
81%
MIGLIOR CENTROCAMPISTA 22/23 BARELLA
77%
MIGLIOR CENTROCAMPISTA 20/21 BARELLA
77%
MVP 22/23 KVARA
77%
MIGLIOR ATTACCANTE 22/23 OSIMHEN
77%
MIGLIOR U23 21/22 OSIMHEN
77%
MVP 21/22 LEAO
70%
MIGLIOR ATTACCANTE 20/21 RONALDO
69%
MVP 18/19 RONALDO
69%
MIGLIOR ATTACCANTE 21/22 IMMOBILE
65%
MIGLIOR ATTACCANTE 19/20 IMMOBILE
65%
MIGLIOR PORTIERE 18/19 HANDANOVIC
61%
MIGLIOR DIFENSORE 22/23 KIM
61%
MVP 19/20 DYBALA
55%
MVP 20/21 LUKAKU
53%
MIGLIOR PORTIERE 22/23 PROVEDEL
47%
MIGLIOR DIFENSORE 21/22 BREMER
45%
MIGLIOR CENTROCAMPISTA 18/19 MILINKOVIC
42%
MIGLIOR PORTIERE 20/21 DONNARUMMA
41%
MIGLIOR PORTIERE 19/20 SZCZESNY
40%
MIGLIOR DIFENSORE 19/20 DE VRIJ
29%
MIGLIOR DIFENSORE 18/19 KOULIBALY
29%
MIGLIOR ATTACCANTE 18/19 QUAGLIARELLA
29%
MIGLIOR U23 20/21 VLAHOVIC
29%
MIGLIOR CENTROCAMPISTA 21/22 BROZOVIC
19%
MIGLIOR U23 22/23 FAGIOLI
17%
MIGLIOR CENTROCAMPISTA 19/20 PAPU GOMEZ
9%
MIGLIOR U23 18/19 ZANIOLO
9%
MIGLIOR U23 19/20 KULUSEVSKI
5%
MIGLIOR DIFENSORE 20/21 ROMERO
4%
Nessun quiz corrispondente trovato
Distribuzione punteggi
Percentuale di utenti per punteggio
Percentile per numero di risposta
I tuoi punteggi nel tempo
Non hai fatto questo quiz